Statistics for Paint Easter Eggs By Unscrambling Easter Words

Click here to take the quiz!

General Stats

  • This quiz has been taken 210 times
    (186 since last reset)
  • The average score is 10 of 13

Answers on the Map

Answers color-coded by a green-red scale on the quiz's map according to % correct below.
 

Answer Stats

ScrambleWord% Correct
UNNBYBunny
98%
ASEETREaster
98%
GGEEgg
98%
TOBMTomb
88%
EEPPSPeeps
85%
GNSPRISpring
76%
SJUES ICRSHTJesus Christ
73%
ILPRAApril
71%
EBTASKBasket
70%
CUCHHRChurch
70%
EOCHTLAOCChocolate
68%
AAEDPRParade
39%
NOERSCRTRIUEResurrection
23%

Score Distribution

Percentile by Number Answered

Percent of People with Each Score

Your Score History

You have not taken this quiz since the last reset